000
00295nam a22001217a 4500
999
_c
5747
_d
5745
005
20211004104821.0
008
181006b xxu||||| |||| 00| 0 eng d
041
_a
eng
245
_a
THE UNIVERSAL MINING SCHOOL [VOL-1] [VOL-2] AND [VOL-3]
300
_a
553
650
_a
MINING
_9
6945
942
_c
BK